| 000 | 01417cam a22003851a 4500 | ||
|---|---|---|---|
| 001 | 17979099 | ||
| 003 | EG-ScBUE | ||
| 005 | 20221215100645.0 | ||
| 008 | 131213s2014 sz o f 001 0 eng d | ||
| 020 | _a9783037681589 (hd.bd.) | ||
| 020 | _a3037681586 (hd.bd.) | ||
| 020 | _a9783905982138 | ||
| 040 |
_aOHX _beng _erda _cOHX _dJPG _dDLC _dEG-ScBUE |
||
| 041 | 1 |
_aeng _afre _ager _hund |
|
| 082 | 0 | 4 |
_a728 _bKRA _222 |
| 100 | 1 |
_aKramer, Sibylle, _d1967- _eauthor. _937508 |
|
| 245 | 1 | 0 |
_aVillas : _bSuperb residential style = Des résidences superbes de grand style / _cSibylle Kramer ; [translation into German, Dagmar Glück ; translation into English, Cosima Talhouni] |
| 246 | 3 | 1 | _aRésidences superbes de grand style |
| 250 | _aFirst edition. | ||
| 264 | 1 |
_a[Salenstein] : _bBraun Publishing AG, _c2014. |
|
| 300 |
_a351 pages : _bphotographs ; _c30 cm |
||
| 336 |
_2rdacontent _atext _btxt |
||
| 337 |
_2rdamedia _aunmediated _bn |
||
| 338 |
_2rdacarrier _avolume _bnc |
||
| 500 | _aIncludes index. | ||
| 546 | _aText in English, German and French. | ||
| 650 | 7 |
_aSuburban homes _vPictorial works. _2BUEsh _937512 |
|
| 650 | 7 |
_aArchitecture, Domestic _vPictorial works. _2BUEsh _91892 |
|
| 651 | _2BUEsh | ||
| 653 |
_bENGARC _bENGGEN _cMarch2015 |
||
| 655 | _vReading book | ||
| 700 | 1 |
_aGlück, Dagmar _etranslator. _937509 |
|
| 700 | 1 |
_aTalhouni, Cosima _etranslator. _937511 |
|
| 942 |
_2ddc _k728 KRA _cBB |
||
| 999 |
_c19128 _d19100 |
||